000 00757nam a22001817a 4500
003 BD-DhUL
005 20170516141325.0
008 170516s1985 bg a|||| |||| 00| 0 ben c
040 _aBD-DhUL
_cBD-DhUL
082 _a338.95492
_bBAN
110 2 _aবাংলাদেশ লেখক শিবির
245 2 0 _aবাংলাদেশের উৎপাদন পদ্ধতি : সেমিনার বিবরণী /
_cবাংলাদেশ লেখক শিবির
260 _aঢাকা :
_bআহমদ,
_c১৯৮৫
300 _a৮০ পৃ. ;
_c২১ সেমি
650 0 _aবাংলাদেশ - অর্থনৈতিক অবস্থা
650 0 _aBangladesh - Economic statusা
942 _2ddc
_cBK
999 _c197622
_d197622